|
|
|
|
| LEADER |
01799nam a2200505 i 4500 |
| 001 |
nkc20162793298 |
| 003 |
CZ PrNK |
| 005 |
20160602095027.0 |
| 007 |
ta |
| 008 |
160419s2016 xr e 000 0 cze |
| 015 |
|
|
|a cnb002793298
|
| 020 |
|
|
|a 978-80-87542-19-4
|q (brožováno)
|
| 035 |
|
|
|a (OCoLC)953516182
|
| 040 |
|
|
|a BOA001
|b cze
|e rda
|
| 043 |
|
|
|a e-xr---
|b e-xr-jm
|2 czenas
|
| 072 |
|
7 |
|a 94(437)
|x Dějiny Česka a Slovenska
|2 Konspekt
|9 8
|
| 080 |
|
|
|a 721
|2 MRF
|
| 080 |
|
|
|a 332.816.2
|2 MRF
|
| 080 |
|
|
|a 94(437.322)
|2 MRF
|
| 080 |
|
|
|a (048.8)
|2 MRF
|
| 100 |
1 |
|
|a Višinka, Josef,
|d 1911-1985
|7 jo20000074456
|4 aut
|
| 245 |
1 |
0 |
|a Majitelé domů v Olešnici na Moravě /
|c Josef Višinka, Ivo Sperát
|
| 250 |
|
|
|a První vydání
|
| 264 |
|
1 |
|a Brno :
|b Ivo Sperát,
|c 2016
|
| 300 |
|
|
|a 175 stran ;
|c 25 cm
|
| 336 |
|
|
|a text
|b txt
|2 rdacontent
|
| 337 |
|
|
|a bez média
|b n
|2 rdamedia
|
| 338 |
|
|
|a svazek
|b nc
|2 rdacarrier
|
| 650 |
0 |
7 |
|a domy
|7 ph119550
|z Česko
|2 czenas
|
| 650 |
0 |
7 |
|a domy
|7 ph119550
|x dějiny
|2 czenas
|
| 650 |
0 |
7 |
|a majitelé domů
|7 ph116700
|z Česko
|2 czenas
|
| 650 |
0 |
9 |
|a houses
|z Czechia
|2 eczenas
|
| 650 |
0 |
9 |
|a houses
|x history
|2 eczenas
|
| 650 |
0 |
9 |
|a home owners
|z Czechia
|2 eczenas
|
| 651 |
|
7 |
|a Olešnice (Blansko, Česko)
|7 ge139352
|x dějiny
|2 czenas
|
| 651 |
|
9 |
|a Olešnice (Blansko, Czechia)
|x history
|2 eczenas
|
| 655 |
|
7 |
|a přehledy
|7 fd133202
|2 czenas
|
| 655 |
|
9 |
|a surveys
|2 eczenas
|
| 700 |
1 |
|
|a Sperát, Ivo,
|d 1970-
|7 ola2011638912
|4 aut
|4 pbl
|
| 910 |
2 |
|
|a BOA001
|b 2-1367.508
|
| 990 |
|
|
|a BK
|
| 995 |
|
|
|a 01
|
| 991 |
|
|
|b 201605
|c NOV
|
| 996 |
6 |
|
|b 2610670417
|c 2-1367.508
|l MZK
|r Sklad / do 1 hodiny
|n 3
|p p.v.
|w 001561450
|u 000010
|a 1
|e BOA001
|j MZK50
|s P
|
| 996 |
7 |
|
|b 2610670418
|c 2-1367.508
|l MZK
|r Sklad / do 1 hodiny
|n 11
|p p.v.
|w 001561450
|u 000020
|a 1
|e BOA001
|j MZK50
|s A
|